| 000 | 00394nam a2200157Ia 4500 | ||
|---|---|---|---|
| 003 | GCL | ||
| 008 | 140319s9999 xx 000 0 eng d | ||
| 040 |
_aGCL / _cGCL |
||
| 082 | 0 | 4 |
_a616.95 _bD T |
| 100 | 1 | _aDAVID SCHLOSSBERG | |
| 245 | 1 | 0 |
_aTUBESCULOSIS / _cDAVID SCHLOSSBERG |
| 260 |
_a[S.N] : _bSPRINGER - VERLAG ، _c1993 |
||
| 300 | _a323 P | ||
| 650 | 0 | 4 | _aTUBERCULOSIS |
| 942 |
_2ddc _cBK |
||
| 999 |
_c21934 _d21934 |
||